| 000 | 01133nji a22002777a 4500 | ||
|---|---|---|---|
| 005 | 20100906145842.0 | ||
| 006 | a|||||r|||||00| 0 | ||
| 007 | sd ammalaaahaa | ||
| 008 | 100830t xxu||||| |||| 00| 0 eng d | ||
| 028 |
_aN 50787 _bHis Master's Voice |
||
| 035 | _aGR-918 | ||
| 040 |
_aSED _cSED |
||
| 100 |
_917455 _aDutt, Geeta |
||
| 245 |
_aBaadbaan / _cby Geeta Dutt ; music by Timir Baran [and] S. K. Pal ; lyrics by Indiwar _h[sound recording] : |
||
| 246 | _aबादबान / गीता दत्त द्वारा | ||
| 260 |
_aDum Dum, India _bHis Master's Voice |
||
| 300 |
_a1 sound disc [Gramophone Recording]: _banalog, 33 1/3 rpm _c9.5 in. (MP) _fGramophone Record |
||
| 500 | _aBrief Record | ||
| 505 | _aSide-1 कैसे कोई जिए (Kaise koi jiye) (Geeta Dutt) --Side-2 हर रोज कहा (Har roj kaha) (Geeta Dutt) | ||
| 650 |
_aClassical music _zIndia _91186 _xExcerpts |
||
| 700 |
_917416 _aBaran, Timir |
||
| 700 |
_917456 _aPal, S.K. |
||
| 700 |
_918531 _aIndiwar |
||
| 942 |
_2ddc _cGR |
||
| 999 |
_c44041 _d44041 |
||